000
00333nam a2200145Ia 4500
008
150201s1986 xx 000 0 und d
082
_a
617
_b
E86D
100
_a
DUDLEY , HUGH
245
_a
ROB & SMIT EAR SURGERY
250
_a
4TH
260
_b
BUTTERWORTH
_a
LONDON
_c
1986
300
_a
1-232
650
_a
SURGERY
942
_2
ddc
_c
BK
999
_c
1308
_d
1308